| 000 | 01772nam2a22002171 4500 | ||
|---|---|---|---|
| 001 | RU\NLR\BIBL_A\022714185 | ||
| 005 | 20260212153348.0 | ||
| 035 | _a(NLR Aleph) 022714185 | ||
| 090 |
_a13543285 _c13543285 |
||
| 100 | _a20260129d1829 m y0rusy50 ca | ||
| 101 | 0 | _arus | |
| 102 | _aRU | ||
| 200 | 0 | _a1829. Ч.1, № 4 | |
| 210 |
_aМосква _cв Университетской типографии _d1829 |
||
| 215 | _aС.381-498 | ||
| 316 |
_aЭкз. РНБ (2/196) № 1-4 в одном пер. Пер. состав. картон., обтянутый мраморной бумагой, со светло-коричневыми ледериновыми корешком и уголками. Корешок гладкий, с надписью синими чернилами: "1829 Ч.1. № 1-4". На нижней крышке пер. наклейка с шифром РНБ. Обрез крапчатый синий. На форзаце ярлык со старым шифром. На с.498 круглый штамп ГПБ и техн. помета (чернила). Размер: 22,0х14,1х3,0 см _5NLR: 2/196 |
||
| 461 | 0 |
_1001RU\NLR\INFOCOMM10\1000111729 _12001#$aВестник естественных наук и медицины,$fиздаваемый доктором медицины, разных ученых обществ членом Александром Иовским$v1829. Ч.1, № 4 _93848146 _cМосква _d1828, 1829, 1831-1832 _fиздаваемый доктором медицины Александром Иовским _nв Университетской типографии _tВестник естественных наук и медицины, _v1829. Ч.1, № 4 |
|
| 852 |
_aNLR _j2/196 |
||
| 942 | _cUNSPEC | ||
| 980 | _aNB | ||